00616nam a22001817a 450000500170000001000150001702000260003203500140005803700090007208200130008110000220009424500450011625000060016126000590016727001290022630000290035550000500038420240704114520.0 aENG-140764 c580.00a9789357053648 aEN-124296 bDBAD a915.421 aNachiketa, Neeraj aGeography of India/cby Neeraj Nachiketa a1 aNoidabPearson India Education Services Pvt. Ltdc2024 a1st Floor, Berger Tower, Plot No. C-001A/2 Sector 16BbNoida (U.P.)e201301k04466540100mcompanysecretary.india@pearson.com aVarious Pagesb23cm (Pb) aFor UPSC and State Civil Services Examination